[Event "Moscow City Team-ch"]
[Site "Moscow"]
[Date "2021.09.14"]
[Round "4"]
[White "Bogaudinov, Rushan"]
[Black "Matevosyan, Matevos"]
[Result "1/2-1/2"]
[WhiteElo "2027"]
[BlackElo "1907"]
[PlyCount "108"]
[EventDate "2021.09.11"]
[EventType "team-swiss"]
[EventRounds "7"]
[EventCountry "RUS"]
[SourceTitle "EXT 2022"]
[Source "ChessBase"]
[SourceDate "2021.10.06"]
[SourceVersion "1"]
[SourceVersionDate "2021.10.06"]
[SourceQuality "1"]

1. d4 Nc6 2. Nf3 d6 3. d5 Ne5 4. Nxe5 dxe5 5. e4 Nf6 6. Nc3 e6 7. Bb5+ Bd7 8. dxe6 Bxb5 9. exf7+ Kxf7 10. Qxd8 Rxd8 11. Nxb5 Nxe4 12. f3 Nf6 13. Ke2 Bc5 14. Bg5 a6 15. Nc3 h6 16. Bxf6 gxf6 17. Ne4 Bb6 18. g4 h5 19. h3 h4 20. Rad1 Ke6 21. c3 Rhf8 22. Rhe1 Rxd1 23. Rxd1 Ke7 24. Rd5 Ke6 25. Rd3 Ke7 26. Nd2 f5 27. g5 Rg8 28. f4 Ke6 29. c4 exf4 30. Nf3 Kf7 31. Rd5 Re8+ 32. Re5 Rxe5+ 33. Nxe5+ Kg7 34. Kf3 Be3 35. b4 b5 36. c5 Bd2 37. a3 Bc1 38. Nd3 Bd2 39. Nxf4 Kf7 40. g6+ Kg7 41. Ne6+ Kxg6 42. Nxc7 Kf6 43. Nxa6 Bc1 44. Nc7 Bxa3 45. Nd5+ Ke5 46. c6 Kd6 47. c7 Kd7 48. Kf4 Bb2 49. Kxf5 Bd4 50. Ke4 Bf2 51. Kf3 Bg3 52. Nc3 Kxc7 53. Nxb5+ Kc6 54. Nc3 Be5 1/2-1/2

[Event "Moscow City Team-ch"]
[Site "Moscow"]
[Date "2021.09.13"]
[Round "3"]
[White "Matevosyan, Matevos"]
[Black "Uskov, Artem"]
[Result "0-1"]
[WhiteElo "1907"]
[BlackElo "2100"]
[PlyCount "62"]
[EventDate "2021.09.11"]
[EventType "team-swiss"]
[EventRounds "7"]
[EventCountry "RUS"]
[SourceTitle "EXT 2022"]
[Source "ChessBase"]
[SourceDate "2021.10.06"]
[SourceVersion "1"]
[SourceVersionDate "2021.10.06"]
[SourceQuality "1"]

1. d4 Nf6 2. c4 c5 3. d5 e6 4. Nc3 exd5 5. cxd5 d6 6. g3 g6 7. Bg2 Bg7 8. Nf3 0-0 9. 0-0 a6 10. a4 Nbd7 11. h3 Rb8 12. a5 b5 13. axb6 Nxb6 14. e4 Re8 15. Qc2 Nfd7 16. Re1 Qc7 17. Ne2 Ne5 18. Nxe5 Bxe5 19. Bd2 f5 20. Nf4 fxe4 21. Bxe4 Qg7 22. Rab1 Bd7 23. Bc3 Nc4 24. Bxe5 Nxe5 25. Ne6 Qf6 26. Qc3 Bxe6 27. dxe6 Qxe6 28. f4 Rb3 29. Qc2 Rxg3+ 30. Kf1 Rf8 31. Qf2 Qxh3+ 0-1